| 000 | 00387nam a22001217a 4500 | ||
|---|---|---|---|
| 008 | 131217b xxu||||| |||| 00| 0 eng d | ||
| 020 |
_a8178088614 _cAvailable |
||
| 050 |
_a005.7CON _b000983 |
||
| 100 | _gPB 1236p | ||
| 245 |
_aDatabase Systems: A Practical Approach Design,Implementation,and Management _cConnolly, Thomas M. |
||
| 250 | _aThird Ed | ||
| 260 |
_aIndia _bPearson Education _c2002 |
||
| 999 |
_c23548 _d23548 |
||